| 000 | 00453cam a22001217a 4500 | ||
|---|---|---|---|
| 008 | 180718b1990 xxu||||| |||| 00| 0 eng d | ||
| 082 | _aB67x5414 Or4m | ||
| 100 | _aOrissa. State level collector's conference (1990) | ||
| 245 | _aMinistries of discussion in the state level collector's conference held on the 26th May | ||
| 260 |
_aCuttack _bGeneral Administration Department _c1990 |
||
| 300 | _a25p. | ||
| 700 | _aOrissa. General Administration Department | ||
| 999 |
_c488795 _d488795 |
||